000 01586nam a2200289Ia 4500
999 _c51339
_d51339
001 18308
003 GE_BSU
005 20211019152737.0
008 181216s2015||||ge |||||||||||||| ||geo||
020 _a9789941182365
040 _cGE_BSU
041 _ageo
080 _a32(73) ჯ-34
100 _aჯენტლესონი, ბრუს
_912685
245 _aამერიკის საგარეო პოლიტიკა :
_bარჩევნის დინამიკა 21-ე საუკუნეში /
_cბრუს ჯენტლესონი ; სამეცნ. რედ. დ. აფრასიძე, გ. გვალია ; მთარგმნ. დ. აფრასიძე, ა. მიქაუტაძე და სხვ.
264 _aთბილისი :
_bილიას სახელმწიფო უნ-ტი,
_c2015.
300 _a887გვ. ;
_c22 სმ.
501 _aცნებების განმარტებები გვ. 821-887
541 _h21ლ.45თ.
653 _aამერიკის საგარეო პოლიტიკა
653 _aარჩევნის დინამიკა 21-ე საუკუნეში
700 _aაფრასიძე, დ.
_eრედაქტორი
_912686
700 _aგვალია, გ.
_eრედაქტორი
_912687
700 _aაფრასიძე, დ.
_eმთარგმნელი
_912686
700 _aმიქაუტაძე, ა.
_eმთარგმნელი
_912688
942 _cBK
_2udc